• 首页
  • 本馆介绍
  • 公告通知
  • 最新文献
  • 馆藏检索
  • 电子资源
  • 读者导购
  • 参考咨询
  • 我的图书馆
  • 登录
  • 详细信息显示
  • 放入我的书架
  • 预约/预借图书
  • 作者相关作品
  • 分类相关作品
  • 丛书相关作品
  • 出版社相关作品

书目信息

  • 表格格式
  • 工作单格式
  • 卡片格式
题名:
存在与虚无
    
 
作者: 萨特 著 ;陈宣良 译
分册:  
出版信息: 北京   三联书店  1987
页数: 810页
开本: 20cm
丛书名: 现代西方学术文库
单 册:
中图分类: B565.53
科图分类:
主题词: 萨特尔,J.P.(1905~1980)--哲学 , 萨特尔,J.P.(1905~1980)
电子资源:
ISBN:
000 00786nam2 2200277 45
001 0187001032
005 20050322145754.6
010    @dCNY5.10
091    @a2002.305
100    @a19901126d1987 emky0chiy0121 ea
101 1  @achi@cfre
102    @aCN@b110000
105    @af z 000yy
200 10 @a存在与虚无@Acun zai yu xu wu@f(法)萨特著@F(Fa)Sa Te Zhu@g陈宣良等译
210    @a北京@c三联书店@d1987
215    @a810页@c照片@d20cm
225 2  @a现代西方学术文库
410  0 @120010@a现代西方学术文库
606    @a萨特尔,J.P.(1905~1980)@x哲学
606 0  @a萨特尔,J.P.(1905~1980)
690    @aB565.53@v3
701  0 @a萨特@4著
702  0 @a陈宣良@Achen xuan liang@4译
801  0 @aCN@b深圳图书馆@c20050322
801  2 @aCN@bNLC@c20050322
905    @f1@b253991@dB565.53@e19
    
    存在与虚无/(法)萨特著/陈宣良等译.-北京:三联书店,1987
    810页:照片;20cm.-(现代西方学术文库)
    
    
    ISBN :CNY5.10
    
●
相关链接 在E读中查询图书 在五车中查询图书 在当当中查询图书 在豆瓣中查询图书


正题名:存在与虚无     索取号:B565.53/19         预约/预借

序号 登录号 条形码 馆藏地/架位号 状态 备注
1 0253991   002018159   第一借阅区/ [索取号:B565.53/19] 在馆    
2 0253992   000578556   第一样本阅览室/ [索取号:B565.53/19] 在馆    
唐山师范学院图书馆 欢迎您!
大连网信软件有限公司© 版权所有